Httyd quiz books - Statistics

General Stats
  • This quiz has been taken 70 times
    68 since last reset
  • The average score is 11 of 43
Answer Stats
Hints Answer % Correct
2 Son of 1 Hiccup
98%
1 Chief of the Hairy Hooligans Stoick the vast
82%
6 2's hunting dragon Toothless
70%
4 One of 2's best friend Fishlegs
66%
9 2's cousin Snotlout
57%
11 Main Villain Alvin the Treacherous
50%
3 Wife of 1 Valhallarama
50%
5 One of 2's best friend Camicazi
45%
10 Leader of the dragon rebellion Furious
43%
7 6's breed Seadragonus Giganticus Maximus
41%
8 2's riding dragon Windwalker
41%
20 Cure for a Venomous Vorpent sting Potato
34%
12 11's mother Excellinor
30%
14 2's ship The Hopeful Puffin
30%
42 Author of the series Cressida Cowell
27%
15 2's Teacher Gobber the belch
27%
35 5's mother Big Boobied Bertha
20%
27 The final lost thing is ___ The Dragon Jewel
20%
16 10's second in command Luna
18%
19 4's hunting dragon Horrorcow
16%
13 Weapon used to kill 10 Stormblade
16%
31 2's swords name The Endeavor
16%
21 King of Nano dragons Ziggerastica
16%
34 Elder of the Hairy Hooligans Old Wrinkly
14%
29 Highest honor in the hairy hooligans The Black Star
14%
39 4's riding dragon breed Deadly Shadow
11%
36 7th book How to Ride a Dragons Storm
11%
38 Who is 9's little sister? Adelaide
9%
32 UG the Uglithugs daughter Tantrum O'Ugerly
9%
17 4's mother Termagant
9%
24 The _____ was the second ship built to sail to America The American dream 2
9%
37 Breed of 19 Basic Brown
7%
33 Husband of 32 Humongously Hotshot
7%
37 Where was 27 hidden? Lobster Claw Necklace
7%
30 What monster lived in the caves on the isle of the Skulllions? Monstrous Strangulator
7%
25 What destroyed 24? The Leviathorgan
7%
28 Former king of the Wilderwest Grimbeard the Gahstly
5%
23 Chief of the Hysteric's Nobert the Nutjob
5%
22 Most poisonous dragon Poisonous Piffleworm
5%
26 The name of the prison in book 10 Prison Darkheart
5%
41 What tribe saved 2,4,5 in book 7? Wanderers
5%
18 4's riding dragon names Arrogance, Patience, Innocence
2%
40 What formerly trapped the Hysterics on their island Doomsfang
0%
No matching quizzes found
Score Distribution
Percent of People with Each Score
Percentile by Number Answered
Your Score History
You have not taken this quiz since the last reset